| 000 | 01183cam a2200325 i 4500 | ||
|---|---|---|---|
| 001 | 12896267 | ||
| 003 | EG-ScBUE | ||
| 005 | 20240923092305.0 | ||
| 008 | 020815t2003 maua f 001 0 eng d | ||
| 020 | _a0618220267 | ||
| 020 | _a9780618220267 | ||
| 040 |
_aDLC _beng _erda _cDLC _dEG-ScBUE |
||
| 082 | 0 | 4 |
_a512.9 _222 _bLAR |
| 100 | 1 |
_aLarson, Ron, _d1941- _eauthor. |
|
| 245 | 1 | 0 |
_aCollege algebra : _bconcepts and models / _cRon Larson, The Pennsylvania State University, The Behrend College, Robert P. Hostetler, The Pennsylvania State University, The Behrend College, Anne V. Hodgkins, Phoenix College. |
| 250 | _aFourth edition. | ||
| 264 | 1 |
_aBoston : _bHoughton Mifflin Company, _c[2003] |
|
| 264 | 4 | _cc2003 | |
| 300 |
_axxv, 571, 177 pages : _billustrations (some color) ; _c27 cm |
||
| 336 |
_2rdacontent _atext _btxt |
||
| 337 |
_aunmediated _2rdamedia _bn |
||
| 338 |
_avolume _bnc _2rdacarrier |
||
| 500 | _aIncludes index. | ||
| 650 | 7 |
_aAlgebra. _2BUEsh |
|
| 655 | _vReading book | ||
| 700 | 1 |
_aHostetler, Robert P., _eauthor. |
|
| 700 | 1 |
_aHodgkins, Anne V., _eauthor. |
|
| 942 |
_2ddc _cBB |
||
| 999 |
_c10407 _d10407 |
||